000 00541nam a22001817a 4500
999 _c40608
_d40608
003 OSt
005 20210122121451.0
008 191015b ||||| |||| 00| 0 eng d
020 _a9789351342366
040 _coclc
082 _a172.2
_bRED/E
100 _aReddy, Nanda Kishore
_98366
245 _aEthics Integrity and Aptitude /
_cNanda Kishore Reddy ; Santhosh Ajmera
260 _aChennai:
_bMcGraw Hill,
_c2016.
300 _a552p
700 1 _aAjmera,Santosh
942 _2ddc
_cREF
_h172.2
_iRED/E
_k172.2
_mRED/E